MATHS AND ENGLISH FOR AUTOMOTIVE (Record no. 215927)

MARC details
000 -LEADER
fixed length control field 00490nam a22001817a 4500
008 - FIXED-LENGTH DATA ELEMENTS--GENERAL INFORMATION
fixed length control field 250717b |||||||| |||| 00| 0 eng d
020 ## - INTERNATIONAL STANDARD BOOK NUMBER
International Standard Book Number 978-1-4080-7738-2
050 ## - LIBRARY OF CONGRESS CALL NUMBER
Classification number TL 146 .S64 2013
Item number 109240
100 ## - MAIN ENTRY--PERSONAL NAME
Personal name spencer Andrew
245 ## - TITLE STATEMENT
Title MATHS AND ENGLISH FOR AUTOMOTIVE
260 ## - PUBLICATION, DISTRIBUTION, ETC.
Place of publication, distribution, etc. USA
Name of publisher, distributor, etc. CENGAGE LEARNING
Date of publication, distribution, etc. 2013
300 ## - PHYSICAL DESCRIPTION
Extent III-81P.
500 ## - GENERAL NOTE
General note IT HAS ILLUSTRATIONS
650 ## - SUBJECT ADDED ENTRY
Topical term or geographic name entry element ENGLISH LANGUAGE
700 ## - ADDED ENTRY--PERSONAL NAME
Personal name ENGLISH LANGUAGE
942 ## - ADDED ENTRY ELEMENTS (KOHA)
Source of classification or shelving scheme Library of Congress Classification
Koha item type Long Loan Book
Holdings
Withdrawn status Lost status Source of classification or shelving scheme Damaged status Not for loan Collection Home library Current library Shelving location Date acquired Inventory number Total checkouts Full call number Barcode Date last seen Copy number Price effective from Koha item type
    Library of Congress Classification     Arts & Social Sciences Kisii University Library Kisii University Library On Display 07/17/2025 109240   TL 146 .S64 2013 000000017829 07/17/2025 C.1 07/17/2025 Long Loan Book
    Library of Congress Classification     Arts & Social Sciences Kisii University Library Kisii University Library On Display 07/17/2025 109241   TL 146 .S64 2013 000000017834 07/17/2025 C.2 07/17/2025 Long Loan Book
    Library of Congress Classification     Arts & Social Sciences Kisii University Library Kisii University Library On Display 07/17/2025 109242   TL 146 .S64 2013 000000017831 07/17/2025 C.3 07/17/2025 Long Loan Book
    Library of Congress Classification     Arts & Social Sciences Kisii University Library Kisii University Library On Display 07/17/2025 109243   TL 146 .S64 2013 000000017832 07/17/2025 4 07/17/2025 Long Loan Book
    Library of Congress Classification     Arts & Social Sciences Kisii University Library Kisii University Library On Display 07/17/2025 109244   TL 146 .S64 2013 000000017931 07/17/2025 C.5 07/17/2025 Long Loan Book